000 00840nab a2200253 u 4500
001 10438
003 HDC
007 cr bn ---aaaaa
008 210204c9999 |r|nos 0 a eng d
040 _aHDC
110 _aXinhua news
245 0 _aMalaysian delegation visits Ningxia for halal business
260 _a[no place] :
_b[publisher not identified],
_c[no year]
336 _atext
_2rdacontent
337 _acomputer
_2rdamedia
338 _aonline resource
_2rdacarrier
650 _abusiness opportunities
_95958
650 _aexport halal products
_910691
650 _ahalal business
_989
856 _zRequest full-text at [email protected]
942 _2lcc
942 _cNEWS
942 _kNWSO 000197
999 _c7761
_d7761